| 000 | 00672cam a22002291 4500 | ||
|---|---|---|---|
| 001 | sa 68000620 | ||
| 003 | DLC | ||
| 005 | 20260227112425.0 | ||
| 008 | 710901s1967 nyu 000 0 eng | ||
| 010 | _asa 68000620 | ||
| 040 |
_aDLC _cDLC _dDLC |
||
| 043 | _aa-ii--- | ||
| 050 | 0 | 0 |
_aHD6812 _b.S9 1967b |
| 082 | 0 | 0 | _a331.1/9/54 |
| 100 | 1 |
_aSubramanian, Kavasseri Narayana, _d1909- |
|
| 245 | 1 | 0 |
_aLabour-management relations in India _c[by] K. N. Subramanian. |
| 260 |
_aNew York, _bAsia Pub. House _c[c1967] |
||
| 300 |
_axxi, 658 p. _c24 cm. |
||
| 650 | 0 |
_aLabor unions _zIndia. |
|
| 650 | 0 |
_aIndustrial relations _zIndia. |
|
| 650 | 0 |
_aCollective bargaining _zIndia. |
|
| 999 |
_c77333 _d77333 |
||